[Event "Aragon-chT Preferente Gr II"]
[Site "Aragon"]
[Date "2018.03.10"]
[Round "7.66"]
[White "Ainsa Claver, Ignacio"]
[Black "Solera Sanchez, Roberto"]
[Result "1-0"]
[WhiteElo "1927"]
[BlackElo "1837"]
[PlyCount "67"]
[EventDate "2018.01.27"]
[EventType "team-tourn"]
[EventRounds "9"]
[EventCountry "ESP"]
[SourceTitle "EXT 2019"]
[Source "ChessBase"]
[SourceDate "2018.10.10"]
[SourceVersion "1"]
[SourceVersionDate "2018.10.10"]
[SourceQuality "1"]
[WhiteTeam "Sabinanigo"]
[BlackTeam "Dr Azua"]
[WhiteTeamCountry "ESP"]
[BlackTeamCountry "ESP"]

1. c4 Nf6 2. Nc3 c5 3. g3 g6 4. Bg2 Bg7 5. Nf3 d6 6. 0-0 0-0 7. a3 Nc6 8. Rb1 a5 9. d3 e5 10. Bg5 h6 11. Bd2 Be6 12. Ne1 Qd7 13. Nd5 Bxd5 14. cxd5 Ne7 15. e4 b5 16. b3 Kh7 17. h4 c4 18. dxc4 bxc4 19. bxc4 Rfc8 20. Qc2 Nh5 21. Kh2 f5 22. Bh3 Nf6 23. f3 Rc7 24. Ng2 Qc8 25. Ne3 Qa6 26. Rfc1 fxe4 27. fxe4 Rf8 28. Rf1 Rc5 29. a4 h5 30. Qa2 Bh6 31. Kg2 Bxe3 32. Bxe3 Qxc4 33. Qxc4 Rxc4 34. Rb7 1-0

[Event "Aragon-chT Preferente Gr II"]
[Site "Aragon"]
[Date "2018.02.10"]
[Round "3.70"]
[White "Solera Sanchez, Roberto"]
[Black "Rodes Apilluelo, Jose Maria"]
[Result "0-1"]
[WhiteElo "1837"]
[BlackElo "1976"]
[PlyCount "121"]
[EventDate "2018.01.27"]
[EventType "team-tourn"]
[EventRounds "9"]
[EventCountry "ESP"]
[SourceTitle "EXT 2019"]
[Source "ChessBase"]
[SourceDate "2018.10.10"]
[SourceVersion "1"]
[SourceVersionDate "2018.10.10"]
[SourceQuality "1"]
[WhiteTeam "Dr Azua"]
[BlackTeam "St Casablanca III"]
[WhiteTeamCountry "ESP"]
[BlackTeamCountry "ESP"]

1. f4 e5 2. fxe5 d6 3. e6 Bxe6 4. Nf3 Bg4 5. d4 Bxf3 6. exf3 d5 7. Bd3 Bd6 8. Qe2+ Qe7 9. Qxe7+ Nxe7 10. 0-0 0-0 11. Nc3 c6 12. Ne2 Ng6 13. Be3 Nd7 14. Bf2 f5 15. c4 dxc4 16. Bxc4+ Kh8 17. Be6 Nb6 18. Ng3 Rae8 19. d5 Nxd5 20. Bxd5 cxd5 21. Rfd1 f4 22. Nf1 Rf5 23. Bxa7 Rfe5 24. Rac1 Ne7 25. Nd2 Nc6 26. Bf2 h6 27. Nc4 dxc4 28. Rxd6 Re2 29. b3 cxb3 30. axb3 Rb2 31. Bd4 Nxd4 32. Rxd4 Ree2 33. Rxf4 Rxg2+ 34. Kh1 Rxh2+ 35. Kg1 Rbg2+ 36. Kf1 Rb2 37. Kg1 Rhg2+ 38. Kh1 Rg5 39. b4 b5 40. Rc8+ Kh7 41. Rc1 Rd5 42. Kg1 Rd3 43. Re1 Ra3 44. Rf7 Kg6 45. Rf4 h5 46. Rd1 Ra4 47. Re4 Raxb4 48. Rd6+ Kh7 49. Re5 g6 50. Re7+ Kh6 51. Ree6 Rb1+ 52. Kf2 R4b2+ 53. Kg3 Rg1+ 54. Kf4 Rb4+ 55. Ke3 Re1+ 56. Kf2 Rxe6 57. Rxe6 Rb1 58. Kg3 Kg5 59. Re5+ Kf6 60. Rc5 Rb4 61. Kh3 0-1

[Event "Aragon-chT Preferente Descenso playoff"]
[Site "Aragon"]
[Date "2017.04.08"]
[Round "10.31"]
[White "Solera Sanchez, Roberto"]
[Black "Landa Galindo, Victor"]
[Result "1-0"]
[WhiteElo "1822"]
[BlackElo "1811"]
[PlyCount "77"]
[EventDate "2017.04.08"]
[EventType "team-match"]
[EventRounds "10"]
[EventCountry "ESP"]
[SourceTitle "EXT 2018"]
[Source "ChessBase"]
[SourceDate "2017.10.13"]
[SourceVersion "1"]
[SourceVersionDate "2017.10.13"]
[SourceQuality "1"]
[WhiteTeam "Doctor Azua"]
[BlackTeam "La Aurora Estadilla II"]
[WhiteTeamCountry "ESP"]
[BlackTeamCountry "ESP"]

1. d4 Nf6 2. g3 g6 3. Bg2 Bg7 4. c4 0-0 5. Nc3 c5 6. Nf3 d6 7. 0-0 Nc6 8. dxc5 dxc5 9. Be3 Be6 10. Bxc5 Qa5 11. Be3 Bxc4 12. Nd2 Rfd8 13. Bxc6 bxc6 14. Nxc4 Qh5 15. Qe1 Ng4 16. h4 Bf6 17. Kg2 Rab8 18. f3 Nxe3+ 19. Nxe3 Rxb2 20. Ne4 Bg7 21. Rc1 Qb5 22. Rc2 Rb8 23. Qc1 Qa4 24. Rxb2 Rxb2 25. Qc4 Qa3 26. Nc2 Qxa2 27. Qxa2 Rxa2 28. Nb4 Rxe2+ 29. Rf2 Rxf2+ 30. Kxf2 c5 31. Nc6 c4 32. Nxe7+ Kf8 33. Nc6 f5 34. Ng5 c3 35. Ke2 h6 36. Ne6+ Kf7 37. Nxg7 a6 38. Nxf5 gxf5 39. Kd3 1-0

[Event "Aragon-chT Preferente B"]
[Site "Aragon"]
[Date "2017.03.25"]
[Round "9.63"]
[White "Solera Sanchez, Roberto"]
[Black "Garcia Andres, Daniel"]
[Result "1/2-1/2"]
[WhiteElo "1822"]
[BlackElo "2007"]
[PlyCount "50"]
[EventDate "2017.01.28"]
[EventType "team-tourn"]
[EventRounds "9"]
[EventCountry "ESP"]
[SourceTitle "EXT 2018"]
[Source "ChessBase"]
[SourceDate "2017.10.13"]
[SourceVersion "1"]
[SourceVersionDate "2017.10.13"]
[SourceQuality "1"]
[WhiteTeam "Doctor Azua"]
[BlackTeam "St Casablanca IV"]
[WhiteTeamCountry "ESP"]
[BlackTeamCountry "ESP"]

1. e4 e5 2. d4 exd4 3. Qxd4 Nc6 4. Qe3 b6 5. Nc3 Nf6 6. Bd2 Bb7 7. 0-0-0 Qe7 8. f3 0-0-0 9. g4 h6 10. Qe1 d5 11. g5 hxg5 12. Bxg5 dxe4 13. fxe4 Rxd1+ 14. Qxd1 Qc5 15. Nf3 Ne5 16. Nxe5 Qxe5 17. Bxf6 gxf6 18. h4 Bh6+ 19. Kb1 Bxe4 20. Nxe4 Qxe4 21. Bh3+ Kb8 22. Rf1 Bf4 23. Qg4 Re8 24. a3 Bd2 25. Qxe4 Rxe4 1/2-1/2

[Event "Aragon-chT Preferente B"]
[Site "Aragon"]
[Date "2017.03.11"]
[Round "7.66"]
[White "Colom Sienes, Eduardo"]
[Black "Solera Sanchez, Roberto"]
[Result "1/2-1/2"]
[WhiteElo "2061"]
[BlackElo "1822"]
[PlyCount "108"]
[EventDate "2017.01.28"]
[EventType "team-tourn"]
[EventRounds "9"]
[EventCountry "ESP"]
[SourceTitle "EXT 2018"]
[Source "ChessBase"]
[SourceDate "2017.10.13"]
[SourceVersion "1"]
[SourceVersionDate "2017.10.13"]
[SourceQuality "1"]
[WhiteTeam "Palacio de Pioneros II"]
[BlackTeam "Doctor Azua"]
[WhiteTeamCountry "ESP"]
[BlackTeamCountry "ESP"]

1. e4 e6 2. d4 d5 3. Nc3 Bb4 4. Nge2 dxe4 5. a3 Be7 6. g4 Nd7 7. Bg2 Ngf6 8. g5 Nd5 9. Nxe4 f5 10. gxf6 N5xf6 11. Nf4 Nf8 12. Nc3 c6 13. 0-0 Qc7 14. a4 Bd7 15. a5 Bd6 16. Qf3 Ng6 17. Nxe6 Bxe6 18. Re1 0-0 19. Rxe6 Bxh2+ 20. Kh1 Nh4 21. Qh3 Nxg2 22. Qxh2 Qxh2+ 23. Kxh2 Nh4 24. Be3 Nf5 25. a6 b6 26. Re1 Rac8 27. Kg1 Nh4 28. Rd1 Kf7 29. d5 cxd5 30. Rd6 Nf5 31. Nb5 Nxd6 32. Nxd6+ Kg8 33. Nxc8 Rxc8 34. c3 h6 35. Bd4 Ne4 36. Re1 Kf7 37. f3 Nc5 38. b4 Nxa6 39. Ra1 Nc7 40. Rxa7 Ke6 41. Rb7 Kf5 42. Bxg7 Ne6 43. Bxh6 Rxc3 44. Rxb6 Rxf3 45. Rb8 Rb3 46. Kf1 Nd4 47. Bf8 Ke4 48. Bc5 Nf5 49. b5 d4 50. b6 d3 51. b7 Kf3 52. Ke1 Rb2 53. Rf8 Rxb7 54. Rxf5+ Ke4 1/2-1/2

[Event "Aragon-chT Preferente B"]
[Site "Aragon"]
[Date "2017.03.04"]
[Round "6.58"]
[White "Solera Sanchez, Roberto"]
[Black "Climente Martinez, Jose Luis"]
[Result "0-1"]
[WhiteElo "1822"]
[BlackElo "2056"]
[PlyCount "50"]
[EventDate "2017.01.28"]
[EventType "team-tourn"]
[EventRounds "9"]
[EventCountry "ESP"]
[SourceTitle "EXT 2018"]
[Source "ChessBase"]
[SourceDate "2017.10.13"]
[SourceVersion "1"]
[SourceVersionDate "2017.10.13"]
[SourceQuality "1"]
[WhiteTeam "Doctor Azua"]
[BlackTeam "Sabinanigo"]
[WhiteTeamCountry "ESP"]
[BlackTeamCountry "ESP"]

1. c4 Nf6 2. Nf3 e6 3. g3 d5 4. Bg2 Bd6 5. 0-0 c6 6. cxd5 exd5 7. d3 h6 8. e4 Nbd7 9. e5 Nxe5 10. Nxe5 Bxe5 11. Re1 Qe7 12. Bf4 Bg4 13. Qd2 Nd7 14. Bxe5 Nxe5 15. f4 f6 16. fxe5 fxe5 17. Qe3 0-0 18. Qxe5 Qc5+ 19. Kh1 Qc2 20. Qc3 Qf2 21. Nd2 Rae8 22. Rf1 Qe2 23. Rxf8+ Rxf8 24. Rf1 Rxf1+ 25. Bxf1 Bf3+ 0-1

[Event "Zaragoza Province-ch Preferente"]
[Site "Zaragoza"]
[Date "2015.10.18"]
[Round "4"]
[White "Roque Sola, Gisela"]
[Black "Solera Sanchez, Roberto"]
[Result "0-1"]
[WhiteElo "1901"]
[BlackElo "1919"]
[PlyCount "62"]
[EventDate "2015.09.27"]
[EventType "swiss"]
[EventRounds "6"]
[EventCountry "ESP"]
[SourceTitle "CBM 170 Extra"]
[Source "ChessBase"]
[SourceDate "2016.02.25"]
[SourceVersion "1"]
[SourceVersionDate "2016.02.25"]
[SourceQuality "1"]

1. c4 Nf6 2. Nc3 c6 3. Nf3 d5 4. d4 e6 5. g3 Nbd7 6. Bg2 g6 7. 0-0 Bg7 8. Nd2 0-0 9. e4 dxe4 10. Ndxe4 Nxe4 11. Nxe4 Nb6 12. c5 Nd5 13. Nd6 b6 14. Qd3 bxc5 15. dxc5 Qa5 16. Bxd5 exd5 17. Qc2 Bh3 18. Bd2 Qd8 19. Rfc1 Qf6 20. Qd3 Qxb2 21. Rab1 Qd4 22. Qxd4 Bxd4 23. Rb7 Rab8 24. Rxa7 Ra8 25. Rc7 Rxa2 26. Be3 Bxe3 27. fxe3 Re2 28. Rxc6 Ra8 29. g4 Rg2+ 30. Kh1 Raa2 31. Rc8+ Kg7 0-1

[Event "Zaragoza Province-ch Preferente"]
[Site "Zaragoza"]
[Date "2015.10.04"]
[Round "2"]
[White "Cirera Sancho, Alberto"]
[Black "Solera Sanchez, Roberto"]
[Result "1-0"]
[WhiteElo "1817"]
[BlackElo "1919"]
[PlyCount "23"]
[EventDate "2015.09.27"]
[EventType "swiss"]
[EventRounds "6"]
[EventCountry "ESP"]
[SourceTitle "CBM 170 Extra"]
[Source "ChessBase"]
[SourceDate "2016.02.25"]
[SourceVersion "1"]
[SourceVersionDate "2016.02.25"]
[SourceQuality "1"]

1. e4 d5 2. d4 e6 3. e5 c5 4. c3 Nc6 5. Nf3 Bd7 6. a3 f6 7. Bd3 cxd4 8. cxd4 Qb6 9. 0-0 Be7 10. b4 Nxd4 11. Nxd4 Qxd4 12. Bg6+ 1-0

[Event "Zaragoza Verano op A 1st"]
[Site "Zaragoza"]
[Date "2015.08.02"]
[Round "8.4"]
[White "Palacios Herrero, Pablo"]
[Black "Solera Sanchez, Roberto"]
[Result "1-0"]
[WhiteElo "2064"]
[BlackElo "1887"]
[PlyCount "119"]
[EventDate "2015.07.31"]
[EventType "swiss"]
[EventRounds "9"]
[EventCountry "ESP"]
[SourceTitle "EXT 2024"]
[Source "ChessBase"]
[SourceDate "2023.10.10"]
[SourceVersion "1"]
[SourceVersionDate "2023.10.10"]
[SourceQuality "1"]

1. e4 e6 2. d4 d5 3. e5 c5 4. c3 Nc6 5. Nf3 Bd7 6. a3 f6 7. b4 fxe5 8. dxe5 Qc7 9. Bf4 Nge7 10. Bd3 c4 11. Bc2 Ng6 12. Bg3 0-0-0 13. Qe2 Re8 14. Nbd2 Be7 15. Qe3 Kb8 16. h4 Rhf8 17. h5 Nh8 18. Bxh7 Nf7 19. Bg6 Rc8 20. Nd4 Nxd4 21. Qxd4 Nh6 22. Nf1 Nf7 23. Ne3 Nd8 24. f4 Nc6 25. Qd2 Rcd8 26. Nc2 Be8 27. Nd4 Nxd4 28. Qxd4 Bxg6 29. hxg6 Rh8 30. Rxh8 Rxh8 31. Bf2 Rh1+ 32. Bg1 Bh4+ 33. Ke2 b6 34. a4 Qc8 35. b5 Bd8 36. f5 Rh4 37. Qd2 Re4+ 38. Kd1 Qd7 39. Kc2 Qe7 40. fxe6 Qxe6 41. Rd1 Qxg6 42. Kb2 Bc7 43. Qxd5 Rxe5 44. Qg8+ Re8 45. Qxc4 Qxg2+ 46. Kb3 Rc8 47. Qd5 Qg3 48. Bd4 Rd8 49. Qc4 Qf3 50. Rg1 g5 51. Qf1 Qd5+ 52. Qc4 Qf3 53. Rf1 Qh5 54. a5 Qg6 55. a6 g4 56. Bf6 Rd6 57. Be5 Qe8 58. Rf7 Qc8 59. Bxd6 Bxd6 60. Rb7+ 1-0

[Event "Zaragoza Verano op A 1st"]
[Site "Zaragoza"]
[Date "2015.08.02"]
[Round "7.3"]
[White "Solera Sanchez, Roberto"]
[Black "Fernandez Rivera, Igor"]
[Result "1-0"]
[WhiteElo "1887"]
[BlackElo "1856"]
[PlyCount "89"]
[EventDate "2015.07.31"]
[EventType "swiss"]
[EventRounds "9"]
[EventCountry "ESP"]
[SourceTitle "EXT 2024"]
[Source "ChessBase"]
[SourceDate "2023.10.10"]
[SourceVersion "1"]
[SourceVersionDate "2023.10.10"]
[SourceQuality "1"]

1. e4 d6 2. d4 Nf6 3. Nc3 e5 4. Nge2 Be7 5. g3 c6 6. Bg2 0-0 7. a4 Nbd7 8. 0-0 b6 9. h3 Bb7 10. Be3 Re8 11. Qd2 Qc7 12. Rad1 Rad8 13. Qc1 Bf8 14. Kh2 a6 15. f4 exd4 16. Nxd4 c5 17. Nde2 Nxe4 18. Nxe4 Bxe4 19. Bxe4 Rxe4 20. Nc3 Re6 21. f5 Ree8 22. Bg5 f6 23. Bf4 Qc6 24. Rf2 b5 25. axb5 axb5 26. Qd2 Nb6 27. Qd3 c4 28. Qd4 d5 29. Be3 Rxe3 30. Qxe3 Bc5 31. Qf4 Bxf2 32. Qxf2 Re8 33. Ne2 Na4 34. Nd4 Qc5 35. Qf4 Nxb2 36. Rb1 c3 37. Ne6 Qc6 38. Qg4 Qd7 39. Re1 Re7 40. Qb4 d4 41. Re4 Re8 42. Rxd4 Qc6 43. Rg4 g5 44. Qd4 Qc4 45. Rxg5+ 1-0

[Event "Zaragoza Verano op A 1st"]
[Site "Zaragoza"]
[Date "2015.08.02"]
[Round "9.2"]
[White "Solera Sanchez, Roberto"]
[Black "Roldan Marques, Daniel"]
[Result "1-0"]
[WhiteElo "1887"]
[BlackElo "2145"]
[PlyCount "59"]
[EventDate "2015.07.31"]
[EventType "swiss"]
[EventRounds "9"]
[EventCountry "ESP"]
[SourceTitle "EXT 2024"]
[Source "ChessBase"]
[SourceDate "2023.10.10"]
[SourceVersion "1"]
[SourceVersionDate "2023.10.10"]
[SourceQuality "1"]

1. e4 e6 2. Qe2 Be7 3. g3 d5 4. d3 Nf6 5. Bg2 c5 6. e5 Nfd7 7. Nf3 Nc6 8. 0-0 Qc7 9. Bf4 h6 10. h4 g5 11. hxg5 hxg5 12. Nxg5 Bxg5 13. Bxg5 Nd4 14. Qd1 Qxe5 15. Be3 Nf5 16. Re1 Qxb2 17. Nd2 Nxe3 18. Rxe3 Kd8 19. c4 d4 20. Re2 Qb6 21. Ne4 e5 22. Qd2 Rg8 23. Ng5 Qg6 24. Ne4 f5 25. Nxc5 Nxc5 26. Rxe5 Nd7 27. Rd5 Qf6 28. Re1 f4 29. gxf4 b6 30. Rg5 1-0

[Event "Zaragoza Verano op A 1st"]
[Site "Zaragoza"]
[Date "2015.08.01"]
[Round "5.4"]
[White "Solera Sanchez, Roberto"]
[Black "Sanchez Moreno, Jose Carlos"]
[Result "1/2-1/2"]
[WhiteElo "1887"]
[BlackElo "1877"]
[PlyCount "52"]
[EventDate "2015.07.31"]
[EventType "swiss"]
[EventRounds "9"]
[EventCountry "ESP"]
[SourceTitle "EXT 2024"]
[Source "ChessBase"]
[SourceDate "2023.10.10"]
[SourceVersion "1"]
[SourceVersionDate "2023.10.10"]
[SourceQuality "1"]

1. e4 c5 2. Nc3 Nc6 3. f4 e6 4. Nf3 a6 5. a4 Qc7 6. g3 Nge7 7. Bg2 d5 8. 0-0 dxe4 9. Nxe4 Nf5 10. c3 Be7 11. Qe2 0-0 12. Rd1 b6 13. d3 Bb7 14. Be3 Nxe3 15. Qxe3 Na5 16. Ned2 Rad8 17. Rab1 Bf6 18. Ne4 Be7 19. Kh1 h5 20. b4 cxb4 21. cxb4 Nc6 22. b5 Nb4 23. Rbc1 Qd7 24. Ne5 Qe8 25. Qxb6 Bd5 26. Qe3 axb5 1/2-1/2

[Event "Zaragoza Verano op A 1st"]
[Site "Zaragoza"]
[Date "2015.07.31"]
[Round "3.5"]
[White "Solera Sanchez, Roberto"]
[Black "Arjol Lopez, Daniel"]
[Result "1/2-1/2"]
[WhiteElo "1887"]
[BlackElo "1856"]
[PlyCount "83"]
[EventDate "2015.07.31"]
[EventType "swiss"]
[EventRounds "9"]
[EventCountry "ESP"]
[SourceTitle "EXT 2024"]
[Source "ChessBase"]
[SourceDate "2023.10.10"]
[SourceVersion "1"]
[SourceVersionDate "2023.10.10"]
[SourceQuality "1"]

1. e4 c5 2. Nc3 g6 3. f4 Bg7 4. Nf3 d6 5. Bc4 Nf6 6. d3 0-0 7. 0-0 Nc6 8. Qe1 e6 9. Bb3 Rb8 10. a4 b6 11. h3 Bb7 12. Ng5 Nd4 13. Bd2 Nxb3 14. cxb3 h6 15. Nf3 Nd7 16. Nb5 Ba6 17. Bc3 Bxb5 18. axb5 Qc7 19. Bxg7 Kxg7 20. Qc3+ Kh7 21. b4 Rbc8 22. Kh1 f5 23. exf5 gxf5 24. bxc5 dxc5 25. Qc4 Rf6 26. Rfe1 Re8 27. Qa2 Qxf4 28. Qxa7 Rf7 29. Qa2 Rfe7 30. Qb3 Nf6 31. Ne5 Nd5 32. Nc6 Rg7 33. d4 Qd2 34. Qf3 Reg8 35. Re2 Qf4 36. Rf1 Qxf3 37. Rxf3 cxd4 38. Nxd4 Nc7 39. Nxe6 Nxe6 40. Rxe6 Rxg2 41. Re1 Rxb2 42. Rxf5 1/2-1/2

[Event "Zaragoza Primavera op 3rd"]
[Site "Zaragoza"]
[Date "2015.06.07"]
[Round "8"]
[White "Fabre Perez, Jose Maria"]
[Black "Solera Sanchez, Roberto"]
[Result "1-0"]
[WhiteElo "2038"]
[BlackElo "1860"]
[PlyCount "94"]
[EventDate "2015.04.12"]
[EventType "swiss"]
[EventRounds "9"]
[EventCountry "ESP"]
[SourceTitle "EXT 2016"]
[Source "ChessBase"]
[SourceDate "2015.10.08"]
[SourceVersion "1"]
[SourceVersionDate "2015.10.08"]
[SourceQuality "1"]

1. e4 e6 2. d4 d5 3. Nd2 c5 4. exd5 exd5 5. Bb5+ Bd7 6. Qe2+ Qe7 7. Bxd7+ Nxd7 8. dxc5 Nxc5 9. Ndf3 g6 10. Bg5 Qxe2+ 11. Nxe2 Bg7 12. 0-0-0 Ne4 13. Rxd5 Nxg5 14. Nxg5 Ne7 15. Rb5 Bh6 16. f4 b6 17. g3 0-0 18. Nd4 Bg7 19. Ngf3 Rfd8 20. c3 Rac8 21. Rd1 h6 22. a4 Rc4 23. a5 bxa5 24. Rxa5 Ra8 25. Ne5 Bxe5 26. Rxe5 Kf8 27. Kc2 Rac8 28. Ra5 h5 29. Rxa7 Nd5 30. Kd3 h4 31. Nb5 R4c6 32. Rd7 Nb6 33. Rd4 Ra8 34. Rd6 Rxd6+ 35. Nxd6 hxg3 36. hxg3 Ra2 37. Rd2 Na4 38. b4 Ra3 39. Nb5 Rb3 40. Kc4 Rb1 41. Nd4 Rc1 42. Ne2 Rb1 43. Kb5 Nb2 44. c4 Nd1 45. c5 Nf2 46. c6 Ne4 47. c7 f6 1-0

[Event "Zaragoza Artistica op"]
[Site "Zaragoza"]
[Date "2013.05.18"]
[Round "9"]
[White "Fernandez Sierra, Pedro Jose"]
[Black "Solera Sanchez, Roberto"]
[Result "0-1"]
[WhiteElo "1699"]
[BlackElo "1677"]
[PlyCount "70"]
[EventDate "2013.04.13"]
[EventType "swiss"]
[EventRounds "9"]
[EventCountry "ESP"]
[SourceTitle "CBM 154 Extra"]
[Source "ChessBase"]
[SourceDate "2013.06.25"]
[SourceVersion "2"]
[SourceVersionDate "2013.06.25"]
[SourceQuality "1"]

1. e4 e6 2. d4 d5 3. e5 c5 4. c3 Nc6 5. Nf3 Qb6 6. a3 cxd4 7. cxd4 a5 8. b3 Nge7 9. Be2 Bd7 10. 0-0 Ng6 11. Nc3 Be7 12. Bb2 0-0 13. Rc1 Rac8 14. Na4 Qd8 15. Bb5 Ncxe5 16. Nxe5 Nxe5 17. Rxc8 Qxc8 18. Nb6 Qd8 19. Nxd7 Nxd7 20. Qd2 Nf6 21. Rc1 Qb6 22. a4 Ne4 23. Qc2 Bf6 24. Qd3 g6 25. f3 Nd6 26. Kh1 Nf5 27. Ba3 Rd8 28. Bc5 Qc7 29. Rc3 b6 30. g4 Ng3+ 31. hxg3 bxc5 32. Rxc5 Qxg3 33. Qc3 Kg7 34. Qd3 h5 35. gxh5 Rh8 0-1

[Event "Zaragoza Artistica op"]
[Site "Zaragoza"]
[Date "2013.04.27"]
[Round "5"]
[White "Solera Sanchez, Roberto"]
[Black "Gines Abad, Pedro"]
[Result "0-1"]
[WhiteElo "1677"]
[BlackElo "2102"]
[PlyCount "74"]
[EventDate "2013.04.13"]
[EventType "swiss"]
[EventRounds "9"]
[EventCountry "ESP"]
[SourceTitle "CBM 154 Extra"]
[Source "ChessBase"]
[SourceDate "2013.06.25"]
[SourceVersion "2"]
[SourceVersionDate "2013.06.25"]
[SourceQuality "1"]

1. d4 Nf6 2. Nf3 g6 3. c4 Bg7 4. Nc3 0-0 5. e4 d6 6. Be2 c6 7. h3 Nbd7 8. Be3 Qc7 9. Rc1 e5 10. d5 c5 11. 0-0 a6 12. a3 Kh8 13. b4 b6 14. Qd2 Ng8 15. Ne1 f5 16. bxc5 f4 17. cxd6 Qxd6 18. Bxb6 Qxb6 19. Nc2 Nc5 20. Rb1 Qd6 21. f3 Bd7 22. Na2 Ba4 23. Nab4 Nf6 24. Bd3 Rfb8 25. Qc3 Nfd7 26. Nc6 Rxb1 27. Rxb1 Nxd3 28. Qxd3 Bxc6 29. Qc3 Ba4 30. Ne1 Rb8 31. Rxb8+ Qxb8 32. Kh2 Nc5 33. Qa5 Bf8 34. Nd3 Nxd3 35. Qxa4 Qd6 36. Qe8 Qxa3 37. Qf7 Qe7 0-1

[Event "Aragon-ch"]
[Site "Zaragoza"]
[Date "2012.09.01"]
[Round "8"]
[White "Romero Pallares, Daniel"]
[Black "Solera Sanchez, Roberto"]
[Result "0-1"]
[WhiteElo "1671"]
[BlackElo "1594"]
[PlyCount "80"]
[EventDate "2012.08.25"]
[EventType "swiss"]
[EventRounds "9"]
[EventCountry "ESP"]
[SourceTitle "EXT 2024"]
[Source "ChessBase"]
[SourceDate "2023.10.10"]
[SourceVersion "1"]
[SourceVersionDate "2023.10.10"]
[SourceQuality "1"]

1. e4 e6 2. Qe2 c6 3. g3 d5 4. d3 Ne7 5. Bg2 b6 6. f4 Qc7 7. Be3 Bb7 8. Nd2 c5 9. Ngf3 Nd7 10. 0-0 Nf6 11. Bf2 Ng4 12. Rac1 Nxf2 13. Qxf2 dxe4 14. dxe4 Nc6 15. e5 0-0-0 16. Rfd1 Be7 17. Qe2 Nd4 18. Nxd4 Rxd4 19. Bxb7+ Qxb7 20. Nc4 Qd5 21. Rxd4 Qxd4+ 22. Kf1 Rd8 23. c3 Qd5 24. Kg1 g5 25. Rf1 g4 26. f5 exf5 27. Rxf5 b5 28. Na5 c4 29. h3 gxh3 30. Kh2 Bc5 31. b4 Bb6 32. Kxh3 Qe6 33. Qe4 Bxa5 34. bxa5 Qh6+ 35. Kg4 Rg8+ 36. Kf3 Qh1+ 37. Kf4 Qc1+ 38. Kf3 Qf1+ 39. Ke3 Qe1+ 40. Kd4 Rd8+ 0-1